000 00688 a2200205 4500
010 _aENG-89188
020 _a9788120332881
_c425.00
035 _aEN-72721
037 _bDBAD / PUB
082 1 4 _a005.13
090 _c10469
_d10469
100 1 _aSomashekara, M.T.
245 1 _aProgramming in C++ /
_cby M.T. Somashekara
260 _aNew Delhi
_bPrentice- Hall of India
_c2008
270 _aM-97, Connaught Circus
_bNew Delhi
_e110 001
300 _axv, 579p. :
_c23 cm (pbk)
500 _aIncludes bibliographical references and index.
942 _adpl
_cEN
_k005.13 / SOM
999 _c10196
_d10196